|
|
|
|
| LEADER |
01504nam a2200385 a 4500 |
| 001 |
35144 |
| 003 |
BD-DhAAL |
| 005 |
20190826155955.0 |
| 008 |
190826t1997 sp ae b 000 0 spa d |
| 999 |
|
|
|c 41058
|d 41058
|
| 010 |
|
|
|a 98170025
|
| 020 |
|
|
|a 8425217180
|
| 035 |
|
|
|a (OCoLC)38257224
|
| 040 |
|
|
|a PL#
|c PL#
|d DLC
|d BD-DhAAL
|
| 041 |
0 |
|
|a spaeng
|
| 042 |
|
|
|a lccopycat
|
| 050 |
0 |
0 |
|a NA1353.B67
|b P58 1997
|
| 082 |
|
|
|a 724.6
|2 20
|
| 100 |
1 |
|
|a Pizzi, Emilio.
|9 33591
|
| 245 |
1 |
0 |
|a Mario Botta /
|c Emilio Pizzi ; [traducciones: María Pilar Servitje de Llorens, Antoni Solanas, Graham Thomson].
|
| 250 |
|
|
|a 4. ed. actualizada español/inglés
|
| 260 |
|
|
|a Barcelona :
|b Gustavo Gili,
|c 1997.
|
| 300 |
|
|
|a 256 pages :
|b illustrations, plans ;
|c 20 cm.
|
| 490 |
1 |
|
|a Obras y proyectos =
|a Works and projects
|
| 504 |
|
|
|a Includes bibliographical references (p. 240-250).
|
| 526 |
|
|
|a ARC
|
| 541 |
|
|
|a Complimentary copy
|e 35144
|
| 546 |
|
|
|a Spanish and English.
|
| 600 |
1 |
0 |
|a Botta, Mario,
|d 1943-
|x Criticism and interpretation.
|9 33592
|
| 650 |
|
0 |
|a Architecture, Modern
|y 20th century.
|9 33593
|
| 700 |
1 |
|
|a Botta, Mario,
|d 1943-
|9 33594
|
| 830 |
|
0 |
|a Obras y proyectos.
|9 33595
|
| 852 |
|
|
|a Department of Architecture
|c General Stacks
|
| 942 |
|
|
|2 ddc
|c BK
|
| 952 |
|
|
|0 0
|1 0
|2 ddc
|4 0
|6 724_600000000000000_PIZ
|7 0
|9 66059
|a BRACUL
|b BRACUL
|c GEN
|d 2019-08-26
|e Complimentary Copy
|l 2
|m 20
|o 724.6 PIZ
|p 3010035144
|r 2026-05-21
|s 2025-12-22
|t 1
|w 2019-08-26
|y BK
|x Transferred from ARC to BRACUL on 28/12/2023
|